000 02485cam a2200169 4500500
005 20260329011856.0
041 _afre
042 _adc
100 1 0 _aBourgeois, Didier
_eauthor
700 1 0 _aCohen, André Salomon
_eauthor
245 0 0 _aFragments d’une psychiatrie éco-citoyenne à l’hôpital de Montfavet Actualité de la psychiatrie institutionnelle
260 _c2007.
500 _a44
520 _aIl ne peut y avoir de vie en société sans règles, ces dernières permettent à chacun de connaître son espace de liberté et de pouvoir respecter celui d’autrui. La loi du 4 MARS 2002 s’intitule « Droits des malades et qualité du système de santé », elle traite de nombreux domaines, elle comprend 125 articles. Elle traduit une volonté de protection des personnes et non pas une volonté de reconnaissance de la qualité des professionnels. Nous avons centré ce travail sur les applications de la loi en psychiatrie dans le domaine de l’information du patient. Nous nous proposons à travers la coopération de 5 Psychiatres praticiens hospitaliers du CH d’UZES dans le GARD (30701) d’étudier les répercussions de cette lui dans notre pratique quotidienne, et de voir si nous mettons tout en œuvre pour la respecter. Le droit des malades a évolué ainsi que leurs exigences. Ils désirent d’une manière générale un savoir plus partagé et une participation active aux décisions qui les concernent, mais en psychiatrie cette loi peut elle s’appliquer alors que la plupart de nos patients ont perdu leur faculté de jugement ? Nous avons le devoir moral de respecter ce nouveau mode de relation Médecin - Patient qui suit l’évolution de notre société mais nous devons aussi tenir compte de la spécificité de notre exercice en prenant quelques précautions particulières exposées ici afin de ne pas nous mettre en danger d’un point de vue médico-légal. Pour finir, nous nous proposons de faire quelques propositions pratiques à travers le vécu de cinq psychiatres praticiens hospitaliers afin de mieux se conformer à la loi. « Un praticien peut être amené à voir sa responsabilité engagée d’une part sur le fondement de son obligation d’information, et d’autre part sur le fondement de son obligation de soins [6] ».
786 0 _nPsy Cause | 48-49 | 2-3 | 2007-01-02 | p. 71-75 | 1245-2394
856 4 1 _uhttps://shs.cairn.info/revue-psy-cause-2007-2-3-page-71?lang=fr&redirect-ssocas=7080
999 _c1865764
_d1865764